<?xml version="1.0" encoding="UTF-8"?>
<collection xmlns="http://www.loc.gov/MARC21/slim">
 <record>
  <leader>00850nam a22002051  4500</leader>
  <controlfield tag="001">1/13852</controlfield>
  <controlfield tag="008">981022s1966    enk            000  eng d</controlfield>
  <datafield tag="035" ind1=" " ind2=" ">
   <subfield code="l">14312</subfield>
  </datafield>
  <datafield tag="040" ind1=" " ind2=" ">
   <subfield code="a">DLC</subfield>
   <subfield code="b">GR-PeUP</subfield>
  </datafield>
  <datafield tag="082" ind1="0" ind2="0">
   <subfield code="a">330.942 HI</subfield>
  </datafield>
  <datafield tag="100" ind1="1" ind2=" ">
   <subfield code="a">Hicks, John Richard</subfield>
   <subfield code="c">sir</subfield>
   <subfield code="d">1904-</subfield>
  </datafield>
  <datafield tag="245" ind1="1" ind2="0">
   <subfield code="a">After the boom...:</subfield>
   <subfield code="b">thoughts on the 1966 economic crisis/</subfield>
   <subfield code="c">John Hicks.</subfield>
  </datafield>
  <datafield tag="260" ind1=" " ind2=" ">
   <subfield code="a">Westminster:</subfield>
   <subfield code="b">The Institute of Economic Affairs,</subfield>
   <subfield code="c">1966.</subfield>
  </datafield>
  <datafield tag="300" ind1=" " ind2=" ">
   <subfield code="a">23p.:</subfield>
   <subfield code="b">tables;</subfield>
   <subfield code="c">22cm.</subfield>
  </datafield>
  <datafield tag="490" ind1="1" ind2=" ">
   <subfield code="a">Institute of Economic Affairs (Great Britain) Occasional paper ;</subfield>
  </datafield>
  <datafield tag="651" ind1=" " ind2="4">
   <subfield code="a">Great Britain</subfield>
   <subfield code="x">Economic policy.</subfield>
  </datafield>
  <datafield tag="651" ind1=" " ind2="4">
   <subfield code="a">Great Britain</subfield>
   <subfield code="x">Economic conditions</subfield>
   <subfield code="y">(1945- )</subfield>
  </datafield>
  <datafield tag="710" ind1="2" ind2=" ">
   <subfield code="a">Institute of Economic Affairs (Great Britain)</subfield>
  </datafield>
  <datafield tag="830" ind1=" " ind2="0">
   <subfield code="a">Institute of Economic Affairs (Great Britain) Occasional paper ;</subfield>
   <subfield code="v">11.</subfield>
  </datafield>
  <datafield tag="852" ind1=" " ind2=" ">
   <subfield code="a">INST</subfield>
   <subfield code="b">UNIPILB</subfield>
   <subfield code="c">MAIN</subfield>
   <subfield code="e">20040709</subfield>
   <subfield code="h">330.942 HI</subfield>
   <subfield code="p">00112522</subfield>
   <subfield code="q">00112522</subfield>
   <subfield code="t">LOAN</subfield>
   <subfield code="y">0</subfield>
   <subfield code="4">1</subfield>
  </datafield>
 </record>
</collection>
